Memoria resumen de los trabajos y servicios realizados por el Consejo Provincial de Agricultura y Ganaderia de Barcelona desde su constitución hasta el 31 de diciembre de 1909. (Record no. 102149)

MARC details
000 -LEADER
campo de control de longitud fija 00635nam a2200169 i 4500
001 - NÚMERO DE CONTROL
campo de control 102149
003 - IDENTIFICADOR DE NÚMERO DE CONTROL
campo de control ES-MaACL
005 - FECHA Y HORA DE LA ÚLTIMA TRANSACCIÓN
campo de control 20230906183042.0
007 - CAMPO FIJO DE DESCRIPCIÓN FÍSICA--INFORMACIÓN GENERAL
campo de control de longitud fija t|
008 - DATOS DE LONGITUD FIJA--INFORMACIÓN GENERAL
campo de control de longitud fija 051104s1910 sp ||||1| spa d
110 2# - ENTRADA PRINCIPAL--NOMBRE DE ENTIDAD CORPORATIVA
Nombre de entidad corporativa o nombre de jurisdicción como elemento de entrada Consejo Provincial de Agricultura y Ganadería (Barcelona)
9 (RLIN) 3226
245 10 - MENCIÓN DEL TÍTULO
Título Memoria resumen de los trabajos y servicios realizados por el Consejo Provincial de Agricultura y Ganaderia de Barcelona desde su constitución hasta el 31 de diciembre de 1909.
260 ## - PUBLICACIÓN, DISTRIBUCIÓN, ETC.
Lugar de publicación, distribución, etc. Villanueva y Geltrú :
Nombre del editor, distribuidor, etc. [s.n.],
Fecha de publicación, distribución, etc. 1910 (
Fabricante Oliva)
300 ## - DESCRIPCIÓN FÍSICA
Extensión 290 p. ;
Dimensiones 25 cm.
852 ## - LOCALIZACIÓN
Ubicación ES-MaACL
Número de control de estantería F-4785
852 ## - LOCALIZACIÓN
Ubicación ES-MaACL
Número de control de estantería F-1729
Holdings
Estatus retirado Estado de pérdida Estado de daño No para préstamo Biblioteca de origen Biblioteca actual Ubicación en estantería Fecha de adquisición Fuente de adquisición Total de préstamos Signatura topográfica completa Código de barras Visto por última vez Precio de reemplazo Tipo de ítem Koha
        Biblioteca del Ateneo de Madrid Biblioteca del Ateneo de Madrid Depósito 2 17/01/2008     F-1729 1106635 23/02/2023 23/02/2023 Libro impreso
        Biblioteca del Ateneo de Madrid Biblioteca del Ateneo de Madrid Depósito 2 17/01/2008     F-4785 1106634 23/02/2023 23/02/2023 Libro impreso